School of Visual Arts Alumni - Statistics

General Stats
  • This quiz has been taken 3 times
  • The average score is 2 of 13
Answer Stats
Hint Answer % Correct
Actor and frontman of the band "Thirty Seconds to Mars", "Requiem for a Dream" "Dallas Buyers Club" "Suicide Squad" Jared Leto
67%
Director, "X-Men" "The Usual Suspects" "Bohemian Rhapsody" Bryan Singer
33%
Comedian and actor, "Portlandia" "Wednesday" "Saturday Night Live" Fred Armisen
33%
Lead vocalist of "My Chemical Romance" and co-creator of the comic series "The Umbrella Academy" Gerard Way
33%
Director, "X" "Pearl" "MaXXine" Ti West
33%
Director and animator, "Ice Age" "Rio" "Ferdinand" Carlos Saldanha
0%
Director, "I, Tonya" "Cruella" "Lars and the Real Girl" Craig Gillespie
0%
Director, animator and creator of "The Owl House" Dana Terrace
0%
Director and animator, "Luca" Enrico Casarosa
0%
Cinematographer, "The Witch" "The Lighthouse" "Nosferatu" Jarin Blaschke
0%
Composer of film music, "Up" "Lost" "Spider-Man: Homecoming" Michael Giacchino
0%
Director, "The Imitation Game" "Passengers" Morten Tyldum
0%
Comic book artist and co-creator of Spider-Man and Doctor Strange Steve Ditko
0%
No matching quizzes found
Score Distribution
Percent of People with Each Score
Percentile by Number Answered
Your Score History
You have not taken this quiz